飛び級市制 - Statistics

General Stats
  • This quiz has been taken 105 times
  • The average score is 8 of 11
Answer Stats
都道府県 Answer % Correct
2014 岩手県 滝沢市
95%
1956 沖縄県 コザ市
80%
1902 長崎県 佐世保市
79%
2002 沖縄県 豊見城市
79%
1921 山口県 宇部市
73%
1962 沖縄県 宜野湾市
70%
1970 沖縄県 浦添市
65%
1936 長野県 岡谷市
62%
1940 兵庫県 芦屋市
62%
1968 沖縄県 具志川市
57%
1953 沖縄県 真和志市
32%
No matching quizzes found
Score Distribution
Percent of People with Each Score
Percentile by Number Answered
Your Score History
You have not taken this quiz